Paroles de Banlieue Rouge - Renaud - Statistiques

Statistiques générales
  • Ce quiz a été pris 23 fois
  • Le résultat moyen est 358 sur 497
Statistiques - réponses
Réponse % Correct
a
100%
à
100%
A
100%
banlieue
100%
Comme
100%
comme
100%
de
100%
De
100%
L'
100%
la
100%
rouge
100%
Ce
94%
ces
94%
c'est
94%
C'est
94%
Dans
94%
dans
94%
du
94%
Elle
94%
elle
94%
Pour
94%
pour
94%
que
94%
qui
94%
Qui
94%
jamais
89%
le
89%
Le
89%
les
89%
Pas
89%
pas
89%
se
89%
un
89%
Une
89%
une
89%
y
89%
bouge
83%
des
83%
Des
83%
habite
83%
Mais
83%
part
83%
quelque
83%
rien
83%
ça
78%
Ca
78%
en
78%
En
78%
et
78%
Et
78%
gris
78%
peu
78%
Quand
78%
son
78%
toujours
78%
Y'a
78%
y'a
78%
Au
72%
au
72%
graffiti
72%
moins
72%
mur
72%
nulle
72%
sait
72%
Si
72%
si
72%
Sur
72%
sur
72%
tous
72%
vit
72%
zone
72%
cité
67%
d'usine
67%
Lénine
67%
Matthieu
67%
Mireille
67%
on
67%
peut
67%
Pis
67%
pis
67%
poisson
67%
tout
67%
Après
61%
bon
61%
chat
61%
crèche
61%
Deux
61%
fois
61%
histoire
61%
jaune
61%
lève
61%
mieux
61%
nuits
61%
Ou
61%
ou
61%
parking
61%
parle
61%
qu'elle
61%
ses
61%
Ses
61%
toute
61%
voir
61%
beau
56%
bien
56%
canapé
56%
Carrefour
56%
cartes
56%
cas
56%
coffre
56%
comprend
56%
Confidence
56%
cuisine
56%
frigidaire
56%
gauche
56%
guerre
56%
habiter
56%
jours
56%
l'entend
56%
leur
56%
Même
56%
mis
56%
ordinaire
56%
parigots
56%
parti
56%
pièces
56%
pourquoi
56%
quoi
56%
qu'y
56%
rendormir
56%
sable
56%
souci
56%
Tu
56%
tu
56%
utilise
56%
victoire
56%
visite
56%
vrai
56%
aller
50%
animaux
50%
arrière
50%
bijoux
50%
bleu
50%
boulot
50%
cause
50%
chats
50%
ciel
50%
crise
50%
d'amour
50%
dit
50%
ferait
50%
fleurs
50%
fond
50%
gaz
50%
histoires
50%
joies
50%
l'enfer
50%
lui
50%
mettrait
50%
Michel
50%
nourrit
50%
ouallou
50%
pisse
50%
Plus
50%
Préfèrerait
50%
quittances
50%
ramasse
50%
remplir
50%
serait
50%
sont
50%
super
50%
syndic
50%
travaille
50%
vacances
50%
Viennent
50%
voleurs
50%
week-end
50%
yeux
50%
504
44%
Alors
44%
bidoche
44%
bonheur
44%
bouts
44%
chariots
44%
crado
44%
d'amant
44%
défaut
44%
devenus
44%
dieu
44%
dix
44%
Drucker
44%
écoute
44%
Encore
44%
gars
44%
l'emmène
44%
lessive
44%
loto
44%
mari
44%
mise
44%
occase
44%
Parce
44%
parlera
44%
petites
44%
Peugeot
44%
Quatre
44%
radio
44%
salon
44%
spectacle
44%
t'aimes
44%
t'arrêtes
44%
télévision
44%
très
44%
veux
44%
vingt
44%
vulgaire
44%
aime
39%
ans
39%
assez
39%
balles
39%
cher
39%
cinquante-cinq
39%
dalle
39%
dedans
39%
Dehors
39%
dur
39%
essaie
39%
faut
39%
Faut
39%
gosses
39%
humains
39%
joue
39%
Juste
39%
mettre
39%
numéro
39%
patins
39%
plâtre
39%
pue
39%
qu'ont
39%
rapporte
39%
sécurité
39%
sociale
39%
soit
39%
Surtout
39%
tonnes
39%
trouve
39%
castagnettes
33%
Chaque
33%
Chez
33%
chien
33%
croit
33%
d'école
33%
lino
33%
mobs
33%
paddok
33%
pense
33%
Pourtant
33%
qu'en
33%
quinze
33%
réciproque
33%
au-dessus
28%
l'écœure
28%
semaine
28%
Guy Des Cars
22%
monceaux
22%
Entre
17%
Aucun quiz correspondant
Distribution des résultats
% des personnes avec chaque résultat
Percentile par nombre de réponses
Votre historique - résultats
Vous n’avez pas pris ce quiz